Tarikh Mecca-O-Madina (Record no. 3752)

MARC details
000 -LEADER
fixed length control field 00564nam a2200241 a 4500
020 ## - INTERNATIONAL STANDARD BOOK NUMBER
ISBN
082 00 - DEWEY DECIMAL CLASSIFICATION NUMBER
Classification number 953.8
Author Cutter KAR
100 ## - MAIN ENTRY--AUTHOR NAME
Author name Karara, Abbas
245 ## - TITLE STATEMENT
Title Tarikh Mecca-O-Madina
260 ## - PUBLICATION, DISTRIBUTION, ETC. (IMPRINT)
Place of publication Deoband
Name of publisher Idara Dars-E-Qur`an
Year of publication 1977
300 ## - PHYSICAL DESCRIPTION
Number of Pages 159p
500 ## - GENERAL NOTE
General note includes index and biblioraphy
505 2# - FORMATTED CONTENTS NOTE
Formatted contents note Index
650 ## - SUBJECT ADDED ENTRY--TOPICAL TERM
Topical Term Mecca and Madina
942 ## - ADDED ENTRY ELEMENTS (KOHA)
Koha item type Books
700 1# -
-- Karara, Abbas
Holdings
Collection code Home library Current library Date acquired Cost, normal purchase price Full call number Accession Number Koha item type
  Henry Martyn Institute Library Henry Martyn Institute Library 04/03/2007 4.00 953.8 KAR 08975 Books
                   Copyright © 2026 | Henry Martyn Institute | Hyderabad | TS-500052 | INDIA | Implemented by hmi.edu.in
Hit-Count:

Powered by Koha